Programa d'educació per a la salut del Departament de Salut Pública any 1996 / Servei de Salut Pública i Consum, Diputació de Barcelona
Descripción Física:
51 p. ; 30 cm
MARC
| LEADER | 00000nam a2200000Ia 4500 | ||
|---|---|---|---|
| 001 | 17373 | ||
| 008 | 160829s1996 xx 000 0 cat d | ||
| 080 | |a C-2-421 | ||
| 110 | |a Barcelona (Catalunya : Província). |b Servei de Salut Pública i Consum |9 8151 | ||
| 245 | |a Programa d'educació per a la salut del Departament de Salut Pública any 1996 / Servei de Salut Pública i Consum, Diputació de Barcelona | ||
| 260 | |a [Barcelona] : |b Diputació de Barcelona, |c 1996 | ||
| 300 | |a 51 p. ; |c 30 cm | ||
| 650 | 0 | |a Salut pública |x Barcelona (Província) |9 49942 | |
| 650 | |a Educació sanitària |x Barcelona |9 23049 | ||
| 901 | |a Arxiu | ||
| 942 | |n 1 | ||
| 952 | |0 0 |1 0 |4 0 |6 C2421 |7 1 |9 42506 |a Arxiu |b Arxiu |d 2016-12-01 |l 0 |o C-2-421 |p 17373 |r 2016-12-01 00:00:00 |w 2016-12-01 |y ARXIU | ||
| 999 | |c 45011 |d 45011 | ||